La crítica ante la biblia
Збережено в:
| Автор: | |
|---|---|
| Формат: | Книга |
| Мова: | Іспанська |
| Опубліковано: |
Andorra la Vieja
Casal
1958
|
| Серія: | Yo sé-Yo Creo
|
| Предмети: | |
| Теги: |
Додати тег
Немає тегів, Будьте першим, хто поставить тег для цього запису!
|
MARC
| LEADER | 00000nam a2200000 a 4500 | ||
|---|---|---|---|
| 001 | UCR1140 | ||
| 003 | CL-VaPUC | ||
| 008 | 971212e19580000AN |||||||||||||||||spa|d | ||
| 082 | 0 | 4 | |a 220 |b STE |2 21 |
| 100 | 0 | |a Steinmann, Jean |e author |9 398018 | |
| 245 | 1 | 3 | |a La crítica ante la biblia |
| 300 | |a 140 p | ||
| 942 | |c BK | ||
| 945 | |d 19971212 00:00:00 |a jquezada | ||
| 260 | |a Andorra la Vieja |b Casal |c 1958 | ||
| 650 | 0 | |a Biblia |9 257603 | |
| 650 | 0 | |a Crítica e interpretación |9 255042 | |
| 650 | 0 | |a Salvación |9 315007 | |
| 650 | 7 | |a HOMBRE |2 CL-VaPUC |9 262149 | |
| 650 | 0 | |a Dios |9 266622 | |
| 650 | 0 | |a Iglesia |9 255004 | |
| 650 | 7 | |a LITURGIA |2 CL-VaPUC |9 398019 | |
| 650 | 0 | |a Cristianismo |9 257361 | |
| 583 | |a last modification |c 19971212 00:00:00 |k Rodrigo Vera | ||
| 490 | 0 | |a Yo sé-Yo Creo | |
| 999 | |c 264628 |d 264626 | ||
| 952 | |0 0 |1 2 |4 0 |6 220_000000000000000_STE_1958 |7 0 |8 A |9 294981 |a BIBTEO |b BIBTEO |d 2019-11-19 |i 3369048 |o 220 STE 1958 |p 3369048 |r 2019-11-19 |w 2019-11-19 |x Descarte 2019 |y BK |k ICR | ||